Vplyv digitalizácie na marketing televíznej stanice
Slovensko deklarovalo Európskej komisii, že v roku 2012 bude digitálne vysielanie v plnej prevádzke. Čo to prinesie. Nové technológie, nové služby, oblasť reklamy.
Na minha lista:
| Autor principal: | |
|---|---|
| Formato: | Capítulo de Livro |
| Idioma: | eslovaco |
| Assuntos: | |
| Tags: |
Sem tags, seja o primeiro a adicionar uma tag!
|
MARC
| LEADER | 00000naa$a2200000$$$4500 | ||
|---|---|---|---|
| 001 | 0090420 | ||
| 005 | 20240502072018.0 | ||
| 041 | 0 | |a slo | |
| 044 | |a SK | ||
| 245 | 1 | 0 | |a Vplyv digitalizácie na marketing televíznej stanice |c Štefan Eisele |
| 520 | |a Slovensko deklarovalo Európskej komisii, že v roku 2012 bude digitálne vysielanie v plnej prevádzke. Čo to prinesie. Nové technológie, nové služby, oblasť reklamy. | ||
| 610 | 2 | 0 | |a televízia |
| 610 | 2 | 0 | |a digitalizácia |
| 610 | 2 | 0 | |a Slovensko |
| 610 | 2 | 0 | |a reklama |
| 610 | 2 | 0 | |a marketing |
| 100 | 1 | |a Eisele, Štefan | |